Ghost in the mirror / (Record no. 21315)

MARC details
000 -LEADER
fixed length control field 03522cam a22004933a 4500
005 - DATE AND TIME OF LATEST TRANSACTION
control field 20030306201222.0
008 - FIXED-LENGTH DATA ELEMENTS--GENERAL INFORMATION
fixed length control field 991222s2000 nyu j 000 1 eng d
010 ## - LCCN (DPL NO)
LC control number B-330634-644
020 ## - INTERNATIONAL STANDARD BOOK NUMBER
International Standard Book Number 0439135354
Terms of availability 95.00
020 ## - INTERNATIONAL STANDARD BOOK NUMBER
International Standard Book Number 9780439135351
Terms of availability 95.00
035 ## - SYSTEM CONTROL NUMBER
System control number B-330634-644
035 ## - SYSTEM CONTROL NUMBER
System control number B-358545
037 ## - SOURCE OF ACQUISITION
Source of stock number/acquisition The Wise Owl
040 ## - CATALOGING SOURCE
Original cataloging agency dpl
Language of cataloging English
082 ## - DEWEY DECIMAL CLASSIFICATION NUMBER
Classification number S
100 ## - MAIN ENTRY--PERSONAL NAME
Personal name Stine, R. L.
245 ## - TITLE STATEMENT
Title Ghost in the mirror /
Statement of responsibility, etc by R.L. Stine
260 ## - PUBLICATION, DISTRIBUTION, ETC. (IMPRINT)
Place of publication, distribution, etc New York
Name of publisher, distributor, etc Scholastic Inc.
Date of publication, distribution, etc 2008
270 ## - ADDRESS
Address 555 Broadway
City Newyork
Postal code NY 10012
300 ## - PHYSICAL DESCRIPTION
Extent 110p.
Dimensions 20cm. (pbk)
490 ## - SERIES STATEMENT
Series statement Goosebumps series 2000; 25
500 ## - GENERAL NOTE
General note "An Apple paperback."
500 ## - GENERAL NOTE
General note "A Parachute Press book"--T.p. verso.
655 ## - INDEX TERM--GENRE/FORM
Genre/form data or focus term Horror fiction.
Source of term gsafd
655 ## - INDEX TERM--GENRE/FORM
Genre/form data or focus term Radio and television novels.
Source of term gsafd
710 ## - ADDED ENTRY--CORPORATE NAME
Corporate name or jurisdiction name as entry element Copyright Paperback Collection (Library of Congress)
800 ## - SERIES ADDED ENTRY--PERSONAL NAME
Personal name Stine, R. L.
Title of a work Goosebumps series 2000 ;25
942 ## - ADDED ENTRY ELEMENTS (KOHA)
Source of classification or shelving scheme Dewey Decimal Classification
Item type Children Books
Classification part S
Call number suffix STI
Holdings
Withdrawn status Lost status Source of classification or shelving scheme Damaged status Not for loan Collection code Home library Current library Date acquired Source of acquisition Cost, normal purchase price Total Checkouts Full call number Barcode Date last seen Copy number Cost, replacement price Koha item type Checked out Public note
    Dewey Decimal Classification     Fiction Bawana Bawana 17/07/2009 The Wise Owl /005/15.5.09/15/23.4.09/3.6.09 95.00   S STI B-330643 17/07/2009 1 95.00 Children Books    
    Dewey Decimal Classification     Fiction Central Library Central Library 17/07/2009 The Wise Owl /005/15.5.09/15/23.4.09/3.6.09 95.00 2 S STI B-330634 14/06/2018 1 95.00 Children Books    
  Written-off vide DLB M. No. 383 dt 16.05.19 Dewey Decimal Classification     Fiction Janak Puri Janak Puri 23/09/2009 The wise owl /018/14.9.09/91/2.9.09/16.6.09 95.00 19 S STI B-358545 28/06/2018 1 95.00 Children Books    
    Dewey Decimal Classification     Fiction Jor Bagh (Children Lib) Jor Bagh (Children Lib) 17/07/2009 The Wise Owl /005/15.5.09/15/23.4.09/3.6.09 95.00   S STI B-330639 17/07/2009 1 95.00 Children Books    
    Dewey Decimal Classification     Fiction Karol Bagh Karol Bagh 17/07/2009 The Wise Owl /005/15.5.09/15/23.4.09/3.6.09 95.00   S STI B-330641 17/07/2009 1 95.00 Children Books    
    Dewey Decimal Classification     Fiction Kasturba Gandhi Marg Kasturba Gandhi Marg 17/07/2009 The Wise Owl /005/15.5.09/15/23.4.09/3.6.09 95.00 4 S STI B-330636 13/06/2026 1 95.00 Children Books 29/06/2026  
    Dewey Decimal Classification     Fiction Narela Narela 17/07/2009 The Wise Owl /005/15.5.09/15/23.4.09/3.6.09 95.00   S STI B-330642 17/07/2009 1 95.00 Children Books    
  Written-off vide DLB M. No. 383 dt 16.05.19 Dewey Decimal Classification     Fiction Patel Nagar Patel Nagar 17/07/2009 The Wise Owl /005/15.5.09/15/23.4.09/3.6.09 95.00   S STI B-330635 17/07/2009 1 95.00 Children Books    
  Written-off vide DLB M. No. 383 dt 16.05.19 Dewey Decimal Classification     Fiction Peshwa Road Peshwa Road 17/07/2009 The Wise Owl /005/15.5.09/15/23.4.09/3.6.09 95.00   S STI B-330637 17/07/2009 1 95.00 Children Books    
    Dewey Decimal Classification     Fiction Sarojini Nagar Sarojini Nagar 17/07/2009 The Wise Owl /005/15.5.09/15/23.4.09/3.6.09 95.00   S STI B-330638 17/07/2009 1 95.00 Children Books    
Written off   Dewey Decimal Classification     Fiction Shahdara Branch Shahdara Branch 17/07/2009 The Wise Owl /005/15.5.09/15/23.4.09/3.6.09 95.00   S STI B-330644 17/07/2009 1 95.00 Children Books   Written off on approval by DLB (By Circulation); dtd 20.12.2022
  Written-off vide DLB M. No. 383 dt 16.05.19 Dewey Decimal Classification     Fiction Vinoba Puri Vinoba Puri 17/07/2009 The Wise Owl /005/15.5.09/15/23.4.09/3.6.09 95.00 4 S STI B-330640 27/11/2010 1 95.00 Children Books    

© Delhi Public Library
Hit Counter
free hit counter